000 00895nam a2200277 i 4500
005 20220316235628.0
008 121119s2003 sp a gr 000 0 spa
020 _a8424607805
040 _aCO-BoRNBP
_bspa
_cCO-BoRNBP
_erda
041 0 _aspa
082 0 4 _a553.7
_bP67A
100 1 _aPortell, Joan
_eautor
245 1 3 _aEl agua
_cJoan Portell, Susana Arunega
250 _aPrimera edición
264 1 _aBarcelona
_bLa Galera
_c2003
300 _a31 páginas
_bilustraciones
_c25 cm
336 _atexto
_btxt
_2rdacontent
337 _asin mediación
_bn
_2rdamedia
338 _avolumen
_bnc
_2rdacarrier
650 1 4 _aAgua
_xEstudio y enseñanza (Primaria)
_2LEMB
650 1 4 _aAgua
_xAspectos ambientales
_2LEMB
650 1 4 _aConservación del agua
_2LEMB
650 1 4 _aCiclo hidrológico
_xEnseñanza primaria
_vLibros de texto
_2LEMB
700 1 _aAranega, Susanna
_96621
942 _2ddc
_cBK
999 _c1603
_d1603